| 000 | 00471nam a2200145 4500 | ||
|---|---|---|---|
| 005 | 20260217090619.0 | ||
| 008 | 260217b |||||||| |||| 00| 0 eng d | ||
| 020 | _a0521456185 | ||
| 100 | _aJones Mary & Jones Geoff | ||
| 245 |
_aNew Edition Biology _c/Mary and Geoff |
||
| 250 | _a3rd ed | ||
| 260 |
_aNew York; _bPress Syndicate of the University of Cambridge; _c1995 |
||
| 300 |
_a316p.ill; _c27.5cm |
||
| 942 |
_2lcc _n0 _cBK |
||
| 999 |
_c159 _d159 |
||